00723nam a22001937a 450000500170000001000150001702000270003203500140005903700090007308200130008224500870009526000350018227000700021730000320028770000310031994200270035099900190037795201330039620240626165222.0 aENG-140719 a9789394915251c1380.00 aEN-124251 bDBAD a337.540500aThirty Years of Asean-India Relations:cEdited by Prabir DebTowards Indo-Pacific/ aNew DelhibKW Publishersc2023 a4676/21, First Floor, Ansari Road, Daryaganj, bNew Delhie110002 axxxi,608p. c24cm(Hb)bill. aDe, Prabir eEditor967812 2ddccENh337.5405mTHI c203758d203758 001040708NFICaCJbCJd2024-06-26eDBADg1380.00l0o337.5405 THIpEN-124251r2024-06-26 00:00:00t1v1380.00w2024-06-26yEN